Statystyki dla 10 Największych Miast Województwa Podkarpackiego

Kliknij tutaj aby rozwiązać quiz!

Ogólne statystyki

  • Ten quiz został rozwiązany 1 638 razy
  • Średni wynik to 8 z 10

Statystyki odpowiedzi

Lp.Liczba LudnościMiasto% Poprawnych
1.189,662Rzeszów
100%
3.61,808Przemyśl
88%
6.46,600Krosno
82%
4.60,628Mielec
77%
8.37,980Sanok
73%
2.61,903Stalowa Wola
73%
5.47,387Tarnobrzeg
72%
7.46,063Dębica
67%
10.35,445Jasło
67%
9.37,892Jarosław
64%

Rozkład punktacji

Percentyl według liczby udzielonych odpowiedzi

Procent ludzi z każdym wynikiem

Twoja historia wyników

Nie rozwiązałeś tego quizu